De viris, les grands hommes de Rome (Record no. 141203)

MARC details
000 -LEADER
campo de control de longitud fija 00877nam a2200265 i 4500
001 - NÚMERO DE CONTROL
campo de control 141203
003 - IDENTIFICADOR DE NÚMERO DE CONTROL
campo de control ES-MaACL
005 - FECHA Y HORA DE LA ÚLTIMA TRANSACCIÓN
campo de control 20230906200238.0
007 - CAMPO FIJO DE DESCRIPCIÓN FÍSICA--INFORMACIÓN GENERAL
campo de control de longitud fija t|
008 - DATOS DE LONGITUD FIJA--INFORMACIÓN GENERAL
campo de control de longitud fija 070920s1995 fr ||||1| fre d
020 ## - NÚMERO INTERNACIONAL ESTÁNDAR DEL LIBRO
Número Internacional Estándar del Libro 2-7427-0574-0
080 ## - NÚMERO DE LA CLASIFICACIÓN DECIMAL UNIVERSAL
Número de la Clasificación Decimal Universal 92(37)"-07/-00"
100 1# - ENTRADA PRINCIPAL--NOMBRE DE PERSONA
Nombre de persona Lhomond, Charles-François.
9 (RLIN) 72137
245 10 - MENCIÓN DEL TÍTULO
Título De viris, les grands hommes de Rome
Resto del título : latin-français /
Mención de responsabilidad, etc. Abbé Lhomond ; traduit et présenté par Jacques Gaillard.
246 3# - FORMA VARIANTE DEL TITULO
Título propio/Titulo breve De viris illustribus urbis romae
260 ## - PUBLICACIÓN, DISTRIBUCIÓN, ETC.
Lugar de publicación, distribución, etc. [Francia] :
Nombre del editor, distribuidor, etc. Babel,
Fecha de publicación, distribución, etc. [1995]
300 ## - DESCRIPCIÓN FÍSICA
Extensión 403 p. ;
Dimensiones 18 cm.
490 1# - MENCIÓN DE SERIE
Mención de serie Babel ;
Designación de volumen o secuencia 164
546 ## - NOTA DE IDIOMA
Nota de lengua/lenguaje Texto en francés y latín.
650 14 - PUNTO DE ACCESO ADICIONAL DE MATERIA--TÉRMINO DE MATERIA
Término de materia o nombre geográfico como elemento de entrada Romanos-
Subdivisión general Biografías.
9 (RLIN) 16942
700 1# - ENTRADA AGREGADA--NOMBRE PERSONAL
Nombre de persona Gaillard, Jacques.
9 (RLIN) 53251
830 1# - PUNTO DE ACCESO ADICIONAL DE SERIE-TÍTULO UNIFORME
Título uniforme Babel ;
Designación de volumen o secuencia 164
9 (RLIN) 189103
852 ## - LOCALIZACIÓN
Ubicación ES-MaACL
Número de control de estantería E-12167
Nota libre - Biblioteca Jacinto Martínez Lacalle.
Holdings
Estatus retirado Estado de pérdida Estado de daño No para préstamo Biblioteca de origen Biblioteca actual Ubicación en estantería Fecha de adquisición Fuente de adquisición Total de préstamos Signatura topográfica completa Código de barras Visto por última vez Precio de reemplazo Tipo de ítem Koha
        Biblioteca del Ateneo de Madrid Biblioteca del Ateneo de Madrid Depósito 2 17/01/2008     E-12167 1146925 23/02/2023 23/02/2023 Libro impreso